| 000 | 00779nam a22001337a 4500 | ||
|---|---|---|---|
| 040 | _cRUA | ||
| 082 | _aLMA NOR 2022 B1-498 Or. | ||
| 100 | _aNORNG CHAMREUN ណង ចំរើន | ||
| 245 | _aSTUDY ABOUT LAND USE PLANNING OF INDIGENOUS COMMUNITY IN LBANG PIR COMMUNE, LUMPHAT DISTRICT, RATANAK KIRI PROVINCE សិក្សាពីផែនការប្រើប្រាស់ដីសមហភាព របស់សហគមន៍ ជនជាតិដើមភាគតិច នៅឃុំល្បាំង២ ស្រុកលំផាត់ ខេត្តរតនគិរី | ||
| 260 |
_aPHNOM PENH _bRUA _c2022 |
||
| 300 |
_aIX. 34P _bVII. _c29CM |
||
| 856 | _uhttps://drive.google.com/file/d/1glit5ld_MMcF7Lz_Jl4MPiWTFWcymnxJ/view?usp=sharing | ||
| 942 | _cLMA | ||
| 999 |
_c23179 _d23179 |
||